Urbanization in western Uttar Pradesh : A spatial analysis (Record no. 22603)

MARC details
000 -LEADER
fixed length control field 00445nam a2200157Ia 4500
082 ## - DEWEY DECIMAL CLASSIFICATION NUMBER
Classification number TD.0049
100 ## - MAIN ENTRY--AUTHOR NAME
Personal name Dargar, S.C.
245 #0 - TITLE STATEMENT
Title Urbanization in western Uttar Pradesh : A spatial analysis
260 ## - PUBLICATION, DISTRIBUTION, ETC. (IMPRINT)
Year of publication 1974
Name of publisher Agra University
300 ## - PHYSICAL DESCRIPTION
Number of Pages 204p. + C D -21
650 ## - SUBJECT ADDED ENTRY--TOPICAL TERM
Topical Term UTTAR PRADESH - POPULATION
650 ## - SUBJECT ADDED ENTRY--TOPICAL TERM
Topical Term URBANIZATION - UTTAR PRADESH
650 ## - SUBJECT ADDED ENTRY--TOPICAL TERM
Topical Term CITIES AND TOWNS - UTTAR PRADESH
710 ## - ADDED ENTRY--CORPORATE NAME
Corporate name or jurisdiction name as entry element Mukherji, A.B.
942 ## - ADDED ENTRY ELEMENTS (KOHA)
Koha item type Thesis
Source of classification or shelving scheme Dewey Decimal Classification
Holdings
Withdrawn status Lost status Damaged status Not for loan Home library Current library Date acquired Full call number Accession Number Price effective from Koha item type
        NASSDOC Library NASSDOC Library 08/10/2004 TD.0049 10363 18/04/2019 Thesis